Ha nacido un niño (Record no. 70598)

MARC details
000 -LEADER
campo de control de longitud fija 01090nam a2200265 i 4500
001 - NÚMERO DE CONTROL
campo de control 70598
003 - IDENTIFICADOR DE NÚMERO DE CONTROL
campo de control ES-MaACL
005 - FECHA Y HORA DE LA ÚLTIMA TRANSACCIÓN
campo de control 20250824052154.0
007 - CAMPO FIJO DE DESCRIPCIÓN FÍSICA--INFORMACIÓN GENERAL
campo de control de longitud fija t|
008 - DATOS DE LONGITUD FIJA--INFORMACIÓN GENERAL
campo de control de longitud fija 040728s1952 sp |||| | spa d
040 ## - FUENTE DE CATALOGACIÓN
Centro/agencia transcriptor ES-MaACL
Centro/agencia modificador ES-MaACL
100 1# - ENTRADA PRINCIPAL--NOMBRE DE PERSONA
Nombre de persona Garciasol, Ramón de,
Fechas asociadas al nombre 1913-1994
Término indicativo de función/relación Autor
9 (RLIN) 236221
245 10 - MENCIÓN DEL TÍTULO
Título Ha nacido un niño
Resto del título : (estampa radiofónica) /
Mención de responsabilidad, etc. Ramón de Garciasol (seud.).
260 ## - PUBLICACIÓN, DISTRIBUCIÓN, ETC.
Lugar de publicación, distribución, etc. Madrid :
Nombre del editor, distribuidor, etc. [s.n.,
Fecha de publicación, distribución, etc. 1952].
300 ## - DESCRIPCIÓN FÍSICA
Extensión 16 p. ;
Dimensiones 24 cm.
500 ## - NOTA GENERAL
Nota general Es separata de: Anales Cervantinos, t. 2, 1952.
655 #0 - TERMINO DE INDIZACIÓN--GENERO/FORMA
Datos o término principal de género/forma Teatro
9 (RLIN) 234794
852 ## - LOCALIZACIÓN
Ubicación ES-MaACL
Número de control de estantería 1622-F-22
itemnumber 73236
Ubicación en estantería Depósito folletos
852 ## - LOCALIZACIÓN
Ubicación ES-MaACL
Número de control de estantería FOLL-BUE-124
itemnumber 203761
Ubicación en estantería Depósito folletos
Anotaciones manuscritas Dedicatoria manuscrita del autor, Ramón de Garciasol, para Antonio Buero Vallejo en página 1: "Al gran Antonio Buero, con el abrazo y la vieja amistad de [firma] 1953".
Donativo/Legado Legado: Antonio Buero Vallejo
903 ## - NOMBRE PERSONAL DE DONANTE
9 32421
a Buero Vallejo, Antonio,
q 1
d 1916-2000
e Donante
942 ## - ELEMENTOS DE ENTRADA SECUNDARIOS (KOHA)
Tipo de ítem Koha Folleto
Suprimir en OPAC No
Holdings
Estatus retirado Estado de pérdida Estado de daño No para préstamo Colección Biblioteca de origen Biblioteca actual Ubicación en estantería Fecha de adquisición Fuente de adquisición Total de préstamos Signatura topográfica completa Código de barras Visto por última vez Precio de reemplazo Tipo de ítem Koha Fuente del sistema de clasificación o colocación Nota pública
        Colección de folletos Biblioteca del Ateneo de Madrid Biblioteca del Ateneo de Madrid Depósito folletos 17/01/2008     1622-F-22 1073924 23/02/2023 23/02/2023 Folleto    
        Libros con dedicatorias Biblioteca del Ateneo de Madrid Biblioteca del Ateneo de Madrid Depósito folletos 21/06/2024 Legado   FOLL-BUE-124 101228629 21/06/2024   Folleto Clasificación decimal universal Dedicatoria manuscrita del autor, Ramón de Garciasol, para Antonio Buero Vallejo.